Rádiófelvétel a délszláv klubban
Elmentve itt :
| Szerző: | |
|---|---|
| Dokumentumtípus: | Cikk |
| Megjelent: |
1983-11-12
|
| Sorozat: | Délmagyarország
73 No. 267 |
| Kulcsszavak: | rádió, nemzetiségek |
| Online Access: | http://dmarchiv.bibl.u-szeged.hu/115285 |
| LEADER | 00462nab a2200157 i 4500 | ||
|---|---|---|---|
| 001 | delm115285 | ||
| 005 | 20190626092804.0 | ||
| 008 | 190626s1983 hu o 0|| hun d | ||
| 040 | |a SZTE Délmagyarország Archívum |b hun | ||
| 041 | |a hun | ||
| 100 | 1 | |a Berkes Ákos | |
| 245 | 1 | 0 | |a Rádiófelvétel a délszláv klubban |h [elektronikus dokumentum] / |c Berkes Ákos |
| 260 | |c 1983-11-12 | ||
| 300 | |a 4 | ||
| 490 | 0 | |a Délmagyarország |v 73 No. 267 | |
| 695 | |a rádió, nemzetiségek | ||